000 00692nam a2200217Ia 4500
005 20230213102834.0
008 131103s9999 xx 000 0 und d
020 _a8171566324
_cRs 375 per vol
040 _aLoreto College
041 _aEnglish
082 _a820.9
_bBHA
245 _aTwentieth Century Literature in English
_cedited by M.K.Bhatanagar
260 _aNew Delhi
_bAtlantic Publishers and Distributors
_c2000
300 _a3 vols, 22.5 cm.
504 _aIncludes bibliographical references
650 _aLiterature, English, Twentietb Century
651 _aEnglish Literature - History and Criticism
700 _aBhatanagar, M.K., ed
850 _aLCLIB
942 _cBK
999 _c2560
_d53039